Kỹ năng mềm của sinh viên - Một nghiên cứu từ trường cao đẳng cộng đồng Bình Thuận

Saved in:
Bibliographic Details
Main Author: Bùi, Thị Hồng Thắm
Format: Book
Language:Undetermined
Subjects:
Online Access:http://lrc.tdmu.edu.vn/opac/search/detail.asp?aID=2&ID=17818
Tags: Add Tag
No Tags, Be the first to tag this record!
Institutions: Trung tâm Học liệu Trường Đại học Thủ Dầu Một
LEADER 00667nam a2200145Ia 4500
001 TDMU_17818
008 210410s9999 xx 000 0 und d
082 |a 371.3 
100 |a Bùi, Thị Hồng Thắm 
245 0 |a Kỹ năng mềm của sinh viên - Một nghiên cứu từ trường cao đẳng cộng đồng Bình Thuận 
245 0 |c Bùi Thị Hồng Thắm 
300 |a Tr.21-26 
650 |a Kỹ năng mềm; Nghiên cứu; Phương pháp giảng dạy và học tập 
856 |u http://lrc.tdmu.edu.vn/opac/search/detail.asp?aID=2&ID=17818 
980 |a Trung tâm Học liệu Trường Đại học Thủ Dầu Một